Geography Quiz

Random Geography or World Quiz

International Paris Métro Stations Quiz Stats

 Plays Quiz Updated Feb 22, 2016

Also try: The France Quiz
Challenge
Share
Tweet
Embed
Score 0/18 Timer 10:00
2 Plays Today
Hint Station % Correct
France's continentEurope
97.8%
Capital of ItalyRome
97.2%
Ancient monuments in EgyptPyramides
90.2%
Home of the US presidentMaison Blanche
88.7%
Home country of Eva PerónArgentine
83.4%
Country bordered by Belgium, Germany, and FranceLuxembourg
83.3%
European riverDanube
65.9%
Peninsula annexed by Russia in 2014Crimée
65.4%
Former name of Volgograd, RussiaStalingrad
64.5%
Hint Station % Correct
Mountain range in Spain, France, and AndorraPyrénées
59.3%
Belgian portAnvers
42.4%
River between the Dead Sea and the Sea of GalileeJourdain
38%
Affluent neighborhood near UCLABel-Air
26.6%
Capital of French region of BrittanyRennes
25.1%
Belgian city in the Wallonia regionLiège
23.7%
German city where Napoleon won an 1806 battleIéna
14.7%
An Alpine mountain pass and tunnel in SwitzerlandSimplon
8.5%
SW French commune famous for its red wineCour Saint-Émilion
6.8%

You're not logged in!

Compare scores with friends on all Sporcle quizzes.
Join for Free
OR
Log In

You Might Also Like...

Show Comments

Extras

Top Quizzes Today


Score Distribution

Your Account Isn't Verified!

In order to create a playlist on Sporcle, you need to verify the email address you used during registration. Go to your Sporcle Settings to finish the process.

Report this User

Report this user for behavior that violates our Community Guidelines.

Details: